Metóda Balanced Scorecard s dôrazom na motiváciu pracovníkov

Na minha lista:
Detalhes bibliográficos
Autor principal: Horváthová, Elena
Formato: Capítulo de Livro
Idioma:eslovaco
Tags: Adicionar Tag
Sem tags, seja o primeiro a adicionar uma tag!

MARC

LEADER 00000nla$a2200000$$$4500
001 0111789
005 20240502083258.0
041 0 |a slo 
044 |a CZ 
245 1 0 |a Metóda Balanced Scorecard s dôrazom na motiváciu pracovníkov  |c Elena Horváthová 
100 1 |a Horváthová, Elena